|
|
|
|
| LEADER |
00971nam a2200241 a 4500 |
| 001 |
3570714 |
| 008 |
110716s1998 si b 000 0 eng d |
| 010 |
|
|
|a 98199776
|
| 020 |
|
|
|a 9810226373
|
| 040 |
|
|
|a CU-S
|c CU-S
|d DLC
|c BD-DhAAL
|
| 082 |
0 |
0 |
|a 006.3
|2 21
|
| 245 |
0 |
0 |
|a Artificial intelligence and automation /
|c edited by Nikolaos G. Bourbakis.
|
| 260 |
|
|
|a Singapore ;
|a River Edge, NJ :
|b World Scientific,
|c c1998.
|
| 300 |
|
|
|a xix, 536 p. :
|b ill. ;
|c 23 cm.
|
| 490 |
0 |
|
|a Advanced series on artificial intelligence ;
|v vol. 3
|
| 504 |
|
|
|a Includes bibliographical references.
|
| 541 |
1 |
|
|e 00014609
|
| 650 |
|
0 |
|a Artificial intelligence.
|
| 650 |
|
0 |
|a Knowledge acquisition (Expert systems)
|
| 700 |
1 |
|
|a Bourbakis, Nikolaos G.
|
| 852 |
4 |
|
|a Ayesha Abed Library
|c General shelf
|
| 999 |
|
|
|c 11108
|d 11108
|
| 952 |
|
|
|0 0
|1 0
|4 0
|6 006_300000000000000_ART
|7 0
|9 17492
|a BRACUL
|b BRACUL
|c GEN
|d 2011-07-17
|l 5
|m 67
|o 006.3 ART
|p 3010014609
|r 2024-12-05
|s 2024-11-07
|t 1
|w 2011-07-17
|y BK
|x Available
|